| 000 | 00549cam a22001577a 4500 | ||
|---|---|---|---|
| 008 | 180718b1999 xxu||||| |||| 00| 0 eng d | ||
| 082 | _aAPPPA 98-99 BHA/4 | ||
| 100 | _aBhatnagar, Ravi Kant | ||
| 245 |
_aHuman development index: variations and sensitization _cby Ravi Kant Bhatnagar |
||
| 260 |
_aNew Delhi _bIndian Institute of Public Administration _c1999 |
||
| 300 | _a170p. | ||
| 500 | _aAn APPPA M.Phil. dissertation, 1998-99 (Guide: P.K. Chaubey) | ||
| 650 | _aAPPPA | ||
| 650 | _aIndia - Social conditions | ||
| 650 | _aEconomic development | ||
| 999 |
_c486886 _d486886 |
||